header

The Axial Age and its consequences (Record no. 100215)

MARC details
000 -LEADER
fixed length control field 01502nam a2200373Ia 4500
082 04 - DEWEY DECIMAL CLASSIFICATION NUMBER
Classification number 930
245 04 - TITLE STATEMENT
Title The Axial Age and its consequences
260 ## - PUBLICATION, DISTRIBUTION, ETC. (IMPRINT)
Place of publication Cambridge, Mass. :
Name of publisher Belknap Press of Harvard University Press,
Year of publication 2012.
300 ## - PHYSICAL DESCRIPTION
Number of Pages ix, 548 p.
500 ## - GENERAL NOTE
General note Rev. papers delivered at a conference held July 3-5, 2008 at the University of Erfurt.
650 #0 - SUBJECT ADDED ENTRY--TOPICAL TERM
Topical Term Civilization, Ancient
Topical Term Comparative civilization
Topical Term Philosophy, Comparative
Topical Term Religions
700 1# - ADDED ENTRY--PERSONAL NAME
Personal name Bellah, Robert Neelly,
Personal name Joas, Hans,
856 40 - ELECTRONIC LOCATION AND ACCESS
Uniform Resource Identifier http://site.ebrary.com/lib/rucke/Doc?id=10614392

No items available.

© 2026 Rongo University
Contact us: librarian | system librarian | Rongo university